| 000 | 01003nam a22002417a 4500 | ||
|---|---|---|---|
| 999 |
_c8161 _d8161 |
||
| 003 | AR-CdUCM | ||
| 008 | 190322b ||||| |||| 00| 0 spa d | ||
| 040 |
_aMUNICIPALIDAD PROVINCIAL DEL CUSCO _cBIBLIOTECA MUNICIPAL DEL CUSCO |
||
| 041 | _heng | ||
| 082 |
_a621.31 / _bAD23 |
||
| 100 |
_aAdkins, Bernard _923027 |
||
| 245 | _aTeoría general de las maquinas eléctricas / | ||
| 260 |
_aBilbao : _bUrmo, _c1967. |
||
| 300 |
_a237 paginas ; _bFormulas, cuadros, diagramas, _c30 cm. |
||
| 500 | _aTitulo original : The general theory of electrical machines | ||
| 505 | _aContenido :Fundamento de la teoría general -- Método de análisis -- La maquina de c.c. -- Diagramas vectoriales de las maquinas c.a en régimen estacionario -- Ecuaciones generales de las maquinas de c.a.... | ||
| 650 |
_aSistemas de control _923028 |
||
| 650 |
_aMaquinas eléctricas _923029 |
||
| 650 |
_aEcuaciones generales _923030 |
||
| 700 |
_aLéon, Luis A. (Traductor) _923031 |
||
| 942 |
_2ddc _cLIBROS |
||
| 945 | _awnts | ||